00372nam a2200157Ia 4500008004100000020001400041041001200055082001600067100001800083245002600101250000800127260004000135300000800175650001500183700001600198221030s9999 xx 000 0 und d a007085811 aEnglish a105.23bTim aS. Timoshenko 0aEngineering Mechanics a4th bMcGraw - Hill Pub.aNew Delhic1956 a478 aMechanical aD. M. Young